000 00792nam a2200265 i 4500
001 C2-0236801
003 PPAK
005 20180727200458.0
008 011022s2001 my |||| ||||| | eng d
020 _a9678911302
040 _aPPAK
_beng
_cPPAK
_erda
082 0 4 _a344.595044
_223
090 0 0 _a344.595044
_bMAL
_dR
110 2 _aMalaysia
245 0 4 _aThe mental disorders ordinance 1952 (No.31of 1952) (as at 5th February 2001)
264 1 _aKuala Lumpur :
_bInternational Law Book Services ,
_c2001
300 _a49 pages ;
_c24 cm
336 _2rdacontent
_atext
337 _2rdamedia
_aunmediated
338 _2rdacarrier
_avolume
650 1 0 _aMental health laws - Malaysia
700 0 _aLegal Research Board,
_ecompile
710 2 _aMalaysia
_eorganizer
942 _ddc
_cB
999 _c52554
_d52554